Pays contenant un W dans leurs noms - Statistiques

Statistiques générales
  • Ce quiz a été pris 104 fois
    95 depuis la dernière actualisation
  • Le résultat moyen est 5 sur 7
Statistiques - réponses
Continent Réponse % Correct
Afrique Zimbabwe
95%
Afrique Malawi
83%
Afrique Rwanda
79%
Afrique Botswana
77%
Afrique Eswatini
76%
Asie Taïwan
56%
Asie Koweït
52%
Aucun quiz correspondant
Distribution des résultats
% des personnes avec chaque résultat
Percentile par nombre de réponses
Votre historique - résultats
Vous n’avez pas pris ce quiz depuis la dernière actualisation